| 000 | 00988nam a2200301Ia 4500 | ||
|---|---|---|---|
| 001 | 15964 | ||
| 003 | IT-RoPAU | ||
| 008 | 130308s9999 xx 000 0 und d | ||
| 040 | _aIT-RoPAU | ||
| 040 | _cIT-RoPAU | ||
| 041 | _aFRANCESE | ||
| 100 | _aRivero Jean | ||
| 100 | _gCodice Aut. SPICS: 2006 | ||
| 245 | _aCompetitions des groupes et de l'etat pour la maitrise des techniques de diffusion (Les) | ||
| 245 | _bTechniques de Diffusion Dans la Civilisation Contemporaine (Les) | ||
| 250 | _a1a ed. | ||
| 260 | _aLYON | ||
| 260 | _bChronique Sociale De France | ||
| 260 | _c1955 [1° Ed.:1955 - Ed.Ling.Originale:1955] | ||
| 300 | _a"21 p. (prefazione: no ; testo: 21 [pagine: 179-199])" | ||
| 500 | _aCompetizione dei gruppi e degli Stati nelle Tecniche di Diffusione Natura delle Competizioni Interessi | ||
| 650 | _aCONVEGNI/MANIFESTAZIONI PASTORALE D.CS | ||
| 650 | _eCodice materia Spics: 9315 | ||
| 942 | _cBK | ||
| 957 | _71 | ||
| 999 |
_c64614 _d64614 |
||
| 999 | _bSI | ||
| 999 | _g1 | ||